000 00707cam a22002054a 4500
005 20250605164000.0
008 250528s ||||||||||||||||||||||||d
035 _a15593
020 _a131352476
040 _aGR-AtMCL
_bgre
_dGR-AtMCL
_eAACR2
245 1 _aCOBOL Programming / A Structured Approach Third Edition
250 _a3rd
260 _bPrentice Hall,
_c1989
300 _a554
520 _aA fresh approach to learning the COBOL language. Preface, Acknowledgements, The World of Computing, Fundamental COBOL, Logic and Control, Special Data Handling, File Organization Methods, Special Topics, Index.
700 1 _aAbel Peter
_91555
942 _cBK
999 _c1163
_d1163